Πρωτεύουσες του Κόσμου με Χάρτη - Statistics

General Stats
  • This quiz has been taken 12 times
  • The average score is 64 of 196
Answers on the Map
Answers color-coded by a green-red scale on the quiz's map according to % correct below.
 
Answer Stats
Χώρα Πρωτεύουσα % Correct
Ελλάδα Αθήνα
88%
Ηνωμένο Βασίλειο Λονδίνο
88%
Αλγερία Αλγέρι
75%
Φινλανδία Ελσίνκι
75%
Ουκρανία Κίεβο
75%
Κύπρος Λευκωσία
75%
Βραζιλία Μπραζίλια
75%
Νορβηγία Όσλο
75%
Γαλλία Παρίσι
75%
Λουξεμβούργο Πόλη του Λουξεμβούργου
75%
Μεξικό Πόλη του Μεξικού
75%
Σουηδία Στοκχόλμη
75%
Τουρκία Άγκυρα
63%
Ολλανδία Άμστερνταμ
63%
Πολωνία Βαρσοβία
63%
Βατικανό Βατικανό
63%
Σερβία Βελιγράδι
63%
Γερμανία Βερολίνο
63%
Αυστρία Βιέννη
63%
Ρουμανία Βουκουρέστι
63%
Βέλγιο Βρυξέλλες
63%
Ιρλανδία Δουβλίνο
63%
Αίγυπτος Κάιρο
63%
Δανία Κοπεγχάγη
63%
Πορτογαλία Λισαβόνα
63%
Ισπανία Μαδρίτη
63%
Λευκορωσία Μινσκ
63%
Ρωσία Μόσχα
63%
Αργεντινή Μπουένος Άιρες
63%
Ινδία Νέο Δελχί
63%
Καναδάς Οττάβα
63%
Κίνα Πεκίνο
63%
Ισλανδία Ρέικιαβικ
63%
Ιταλία Ρώμη
63%
Βόρεια Μακεδονία Σκόπια
63%
Εσθονία Τάλιν
63%
Γεωργία Τιφλίδα
63%
Ιαπωνία Τόκιο
63%
Τυνησία Τύνιδα
63%
Άγιος Μαρίνος Άγιος Μαρίνος
50%
Κούβα Αβάνα
50%
Βιετνάμ Ανόι
50%
Αιθιοπία Αντίς Αμπέμπα
50%
Μάλτα Βαλέτα
50%
Ελβετία Βέρνη
50%
Λιθουανία Βίλνιους
50%
Ουγγαρία Βουδαπέστη
50%
Αρμενία Γερεβάν
50%
Κροατία Ζάγκρεμπ
50%
Αυστραλία Καμπέρα
50%
Βενεζουέλα Καράκας
50%
Σλοβενία Λιουμπλιάνα
50%
Φιλιππίνες Μανίλα
50%
Μονακό Μονακό
50%
Αζερμπαϊτζάν Μπακού
50%
Ηνωμένες Πολιτείες Ουάσινγκτον Π.Κ.
50%
Νέα Ζηλανδία Ουέλλινγκτον
50%
Παναμάς Πόλη του Παναμά
50%
Μαυροβούνιο Ποντγκόριτσα
50%
Τσεχία Πράγα
50%
Λετονία Ρίγα
50%
Βοσνία και Ερζεγοβίνη Σαράγεβο
50%
Βουλγαρία Σόφια
50%
Αλβανία Τίρανα
50%
Μαδαγασκάρη Ανταναναρίβο
38%
Λίχτενσταϊν Βαντούζ
38%
Ισραήλ Ιερουσαλήμ
38%
Πακιστάν Ισλαμαμπάντ
38%
Μολδαβία Κισινάου
38%
Περού Λίμα
38%
Κολομβία Μπογκοτά
38%
Σλοβακία Μπρατισλάβα
38%
Κένυα Ναϊρόμπι
38%
Κόσοβο Πρίστινα
38%
Νότια Κορέα Σεούλ
38%
Ουζμπεκιστάν Τασκένδη
38%
Λιβύη Τρίπολη
38%
Ιορδανία Αμμάν
25%
Ηνωμένα Αραβικά Εμιράτα Άμπου Ντάμπι
25%
Νιγηρία Αμπούτζα
25%
Ανδόρρα Ανδόρρα λα Βέλια
25%
Σαμόα Απία
25%
Συρία Δαμασκός
25%
Άγιος Βικέντιος και Γρεναδίνες Κίνγκσταουν
25%
Τζαμάικα Κίνγκστον
25%
Μαλαισία Κουάλα Λουμπούρ
25%
Γκαμπόν Λιμπρεβίλ
25%
Ανγκόλα Λουάντα
25%
Ζάμπια Λουσάκα
25%
Μαλδίβες Μαλέ
25%
Μοζαμβίκη Μαπούτο
25%
Λεσότο Μασερού
25%
Νήσοι Μάρσαλ Ματζούρο
25%
Σομαλία Μογκαντίσου
25%
Ουρουγουάη Μοντεβιδέο
25%
Ομάν Μουσκάτ
25%
Κεντροαφρικανική Δημοκρατία Μπανγκί
25%
Ταϊλάνδη Μπανγκόκ
25%
Γκάμπια Μπανζούλ
25%
Άγιος Χριστόφορος και Νέβις Μπαστέρ
25%
Κιργιζία Μπισκέκ
25%
Γουινέα-Μπισσάου Μπισσάου
25%
Δημοκρατία του Κονγκό Μπραζαβίλ
25%
Νίγηρας Νιαμέ
25%
Μπανγκλαντές Ντάκα
25%
Σενεγάλη Ντακάρ
25%
Τσαντ Ντζαμένα
25%
Ανατολικό Τιμόρ Ντίλι
25%
Τατζικιστάν Ντουσαμπέ
25%
Κατάρ Ντόχα
25%
Μπουρκίνα Φάσο Ουαγκαντούγκου
25%
Βόρεια Κορέα Πιονγιάνγκ
25%
Καμπότζη Πνομ Πεν
25%
Γουατεμάλα Πόλη της Γουατεμάλας
25%
Βανουάτου Πορτ Βίλα
25%
Μαυρίκιος Πορτ Λουί
25%
Παπούα Νέα Γουινέα Πορτ Μόρεσμπι
25%
Μπενίν Πόρτο-Νόβο ή Κοτονού
25%
Πράσινο Ακρωτήριο Πράια
25%
Μαρόκο Ραμπάτ
25%
Σαουδική Αραβία Ριάντ
25%
Αντίγκουα και Μπαρμπούντα Σαιντ Τζονς
25%
Γρενάδα Σαιντ Τζόρτζις
25%
Ελ Σαλβαδόρ Σαν Σαλβαδόρ
25%
Κόστα Ρίκα Σαν Χοσέ
25%
Υεμένη Σαναά
25%
Χιλή Σαντιάγο
25%
Δομινικανή Δημοκρατία Σάντο Ντομίνγκο
25%
Σιγκαπούρη Σιγκαπούρη
25%
Φίτζι Σούβα
25%
Ιράν Τεχεράνη
25%
Τζιμπουτί Τζιμπουτί
25%
Νότιο Σουδάν Τζούμπα
25%
Σιέρα Λεόνε Φρίταουν
25%
Σουδάν Χαρτούμ
25%
Γκάνα Άκκρα
13%
Παραγουάη Ασουνσιόν
13%
Τουρκμενιστάν Ασγκαμπάτ
13%
Ερυθραία Ασμάρα
13%
Καζακστάν Αστανά
13%
Ιράκ Βαγδάτη
13%
Λίβανος Βηρυτός
13%
Λάος Βιεντιάν
13%
Σεϋχέλλες Βικτώρια
13%
Ναμίμπια Βίντχουκ
13%
Ακτή Ελεφαντοστού Γιαμουσσούκρο
13%
Καμερούν Γιαουντέ
13%
Ναουρού Γιαρέν
13%
Μποτσουάνα Γκαμπορόνε
13%
Ουγκάντα Καμπάλα
13%
Αφγανιστάν Καμπούλ
13%
Νεπάλ Κατμαντού
13%
Ρουάντα Κιγκάλι
13%
Ισημερινός Κίτο
13%
Γουινέα Κονακρί
13%
Βολιβία Λα Πας ή Σούκρε
13%
Μαλάουι Λιλόνγκουε
13%
Τόγκο Λομέ
13%
Νικαράγουα Μανάγουα
13%
Μπαχρέιν Μανάμα
13%
Λιβερία Μονρόβια
13%
Κομόρες Μορονί
13%
Μάλι Μπαμακό
13%
Εσουατίνι Μπαμπάνε
13%
Μπελίζ Μπελμοπάν
13%
Μπαρμπάντος Μπριτζτάουν
13%
Μπαχάμες Νάσσαου
13%
Παλάου Νγκερουλμούντ
13%
Κιριμπάτι Νότια Ταράουα
13%
Μαυριτανία Νουακσότ
13%
Τόνγκα Νουκουαλόφα
13%
Νήσοι Σολομώντα Ονιάρα
13%
Μογγολία Ουλάν Μπατόρ
13%
Ομόσπονδες Πολιτείες της Μικρονησίας Παλικίρ
13%
Σουρινάμ Παραμαρίμπο
13%
Ισημερινή Γουινέα Πόλη της Λα Πας
13%
Κουβέιτ Πόλη του Κουβέιτ
13%
Τρινιντάντ και Τομπάγκο Πορτ-οφ-Σπέιν
13%
Αϊτή Πορτ-ω-Πρενς
13%
Σάο Τομέ και Πρίνσιπε Σάο Τομέ
13%
Ονδούρα Τεγουσιγάλπα
13%
Ινδονησία Τζακάρτα
13%
Γουιάνα Τζώρτζταουν
13%
Μπουτάν Τιμπού
13%
Τουβαλού Φουναφούτι
13%
Νότια Αφρική Πρετόρια, Κέιπ Τάουν, ή Μπλουμφοντέιν
13%
Μπουρούντι Γκιτέγκα
0%
Αγία Λουκία Κάστρις
0%
Λαϊκή Δημοκρατία του Κονγκό Κινσάσα
0%
Μπρουνέι Μπαντάρ Σερί Μπεγκαβάν
0%
Μιανμάρ Νέπιντο
0%
Τανζανία Ντοντόμα
0%
Δομινίκα Ροζό
0%
Σρι Λάνκα Σρι Δζαγιαβαρντενεπούρα Κόττε
0%
Ταϊβάν Ταϊπέι
0%
Ζιμπάμπουε Χαράρε
0%
No matching quizzes found
Score Distribution
Percent of People with Each Score
Percentile by Number Answered
Your Score History
You have not taken this quiz